Ss oder ß - Statistiken

Allgemein
  • Dieses Quiz wurde 290 mal gespielt
    270 seit der letzten Aktualisierung
  • Das Durchschnittsergebnis liegt bei 11 aus 12
Antwortstatistiken
Frage Antwort % Korrekt
la ss/ß en ss
100%
Wa ss/ß er ss
98%
Fre ss/ß en ss
98%
Kla ss/ß e ss
98%
Ha ss/ß ss
95%
(Sie) hie ss/ß en ß
93%
wei ss/ß ß
92%
genie ss/ß en ß
92%
Flo ss/ß ß
89%
Au ss/ß en ß
79%
schlie ss/ß en ß
72%
scheu ss/ß lich ß
67%
Keine übereinstimmenden Quizze gefunden
Verteilung der Resultate
Anzahl Personen mit jedem Resultat
Perzentil nach korrekt beantworteten Fragen
Ihre Resultats-Entwicklung
Sie haben dieses Quiz seit der letzten Aktualisierung nicht gespielt